00526nam a2200169Ia 4500003000900000008004100009020001800050040001600068080002300084100001900107245012200126260003100248300001500279650002400294650001900318700001900337IN-BaIIA211028s9999 xx 000 0 eng d a0-85274-392-0 cIIA Library a519.68:531.32bHOC aHockney, R. W. 0aComputer simulation using particlesc R. W. Hockney and J. W. Eastwood  aBristolbAdam Hilgerc1988 axxi, 540p. aComputer simulation aNASA thesaurus aEastwood, J. W